LEADER 01750nam2 22003371i 450 001 RML0279792 005 20231121125730.0 100 $a20121121d1983 ||||0itac50 ba 101 | $agrc$alat 102 $abe 181 1$6z01$ai $bxxxe 182 1$6z01$an 200 1 $a˜34: Ton œen hagiois pateron hemon Makariou, tou Aigyptiou, Makariou tou Alexandreos, ta euriskomena panta$dSanctorum patrum Macarii Aegyptii, Macarii Alexandrini, opera quae supersunt omnia 210 $aTurnhout $cBrepols $d1983 215 $a1308 col.$d29 cm 300 $aTesto latino a fronte. -In testa al front.: Saeculum 4. annus 390. -Rist. anast. dell'ed.: Parisiis : Migne, 1860 461 1$1001RML0279685$12001 $aPatrologiae cursus completus omnium ss. Patrum, doctorum scriptorumque ecclesiasticorum, sive Latinorum sive Graecorum$faccurante J.P. Migne. Series graeca 510 1 $aSanctorum patrum Macarii Aegyptii, Macarii Alexandrini, opera quae supersunt omnia$9RML0337220 700 0$aMacarius$3RMLV180237$0485797 701 1$aPalladius$b, Helenopolitanus$3RMLV172690$0472202 701 1$aMacarius$b, Alexandrinus$3RMLV180236$01444890 702 1$aFloss$b, Heinrich Joseph$3RMLV179666 702 1$aTouttée$b, Antoine-Augustin$3RMLV180235 801 3$aIT$bIT-01$c20121121 850 $aIT-FR0017 899 $aBiblioteca umanistica Giorgio Aprea$bFR0017 912 $aRML0279792 950 2$aBiblioteca umanistica Giorgio Aprea$d 52CIS P.G.34$e 52VM 0000495195 VM barcode:00028836. - Inventario:18324 MAGVM$fB $h20041105$i20121204 977 $a 52 996 $aEn hagiois pateron hemon Makariou, tou Aigyptiou, Makariou tou Alexandreos, ta euriskomena panta$93626479 997 $aUNICAS